| 000 | 00434nam a2200181Ia 4500 | ||
|---|---|---|---|
| 008 | 180207s9999 xx 000 0 und d | ||
| 020 | _a9780439864220 | ||
| 050 | _bR649 2005 | ||
| 100 | _aRobertson, Chris | ||
| 245 | _aLittle miss liberty / | ||
| 245 | _cby Chris Robertson. | ||
| 260 | _aNew York : | ||
| 260 | _bScholastic, | ||
| 260 | _c2005 | ||
| 300 | _aunpaged : | ||
| 300 | _bcolor illustration ; | ||
| 300 | _c25cm. | ||
| 999 |
_c355472 _d355472 |
||